Unit operations of chemical engineering / (Record no. 185000)
[ view plain ]
| 000 -LEADER | |
|---|---|
| fixed length control field | 00839 a2200229 4500 |
| 003 - CONTROL NUMBER IDENTIFIER | |
| control field | Nust |
| 005 - DATE AND TIME OF LATEST TRANSACTION | |
| control field | 20230119155322.0 |
| 010 ## - LIBRARY OF CONGRESS CONTROL NUMBER | |
| LC control number | 75012941 |
| 020 ## - INTERNATIONAL STANDARD BOOK NUMBER | |
| International Standard Book Number | 0070448256 |
| 040 ## - CATALOGING SOURCE | |
| Transcribing agency | Nust |
| 082 00 - DEWEY DECIMAL CLASSIFICATION NUMBER | |
| Classification number | 660.2842,MCC |
| 100 1# - MAIN ENTRY--PERSONAL NAME | |
| Personal name | McCabe, Warren L. |
| 9 (RLIN) | 44739 |
| 245 10 - TITLE STATEMENT | |
| Title | Unit operations of chemical engineering / |
| Statement of responsibility, etc. | Warren L. McCabe, Julian C. Smith. |
| 250 ## - EDITION STATEMENT | |
| Edition statement | 3d ed. |
| 260 ## - PUBLICATION, DISTRIBUTION, ETC. | |
| Place of publication, distribution, etc. | New York : |
| Name of publisher, distributor, etc. | McGraw-Hill, |
| Date of publication, distribution, etc. | c1976. |
| 300 ## - PHYSICAL DESCRIPTION | |
| Extent | viii, 1028 p. : |
| Other physical details | ill. ; |
| Dimensions | 25 cm. |
| 490 0# - SERIES STATEMENT | |
| Series statement | McGraw-Hill chemical engineering series |
| 505 ## - FORMATTED CONTENTS NOTE | |
| Formatted contents note | Introduction (Page-3), Fluid Mechanics (Page-29), Heat Transfer and its Applications (Page-265), Mass Transfer and its Applications (Page-465), Operations Involving Particulate Solids (Page-801). |
| 650 #0 - SUBJECT ADDED ENTRY--TOPICAL TERM | |
| Topical term or geographic name entry element | Chemical processes. |
| 700 1# - ADDED ENTRY--PERSONAL NAME | |
| Personal name | Smith, Julian C. |
| Dates associated with a name | 1919- |
| 9 (RLIN) | 107154 |
| 942 ## - ADDED ENTRY ELEMENTS (KOHA) | |
| Source of classification or shelving scheme | |
| Koha item type | Book |
| Withdrawn status | Lost status | Source of classification or shelving scheme | Damaged status | Not for loan | Permanent Location | Current Location | Shelving location | Date acquired | Full call number | Barcode | Date last seen | Price effective from | Koha item type | Public note |
|---|---|---|---|---|---|---|---|---|---|---|---|---|---|---|
| Military College of Signals (MCS) | Military College of Signals (MCS) | General Stacks | 12/12/2016 | 660.2842,MCC | MCS21339 | 12/08/2016 | 12/12/2016 | Book | Almirah No.55, Shelf No.4 |
